[Event "VEN-ch U20"]
[Site "Maracay"]
[Date "2018.05.31"]
[Round "4"]
[White "Mora Martinez, Gabriel Gustavo"]
[Black "Ramirez Luis, Jose Gregorio"]
[Result "1-0"]
[WhiteElo "1300"]
[BlackElo "1707"]
[PlyCount "97"]
[EventDate "2018.05.31"]
[EventType "swiss"]
[EventRounds "7"]
[EventCountry "VEN"]
[SourceTitle "EXT 2019"]
[Source "ChessBase"]
[SourceDate "2018.10.10"]
[SourceVersion "1"]
[SourceVersionDate "2018.10.10"]
[SourceQuality "1"]

1. e4 e6 2. d4 d5 3. exd5 exd5 4. Bd3 Nc6 5. c3 Bd6 6. Ne2 Nge7 7. Bf4 0-0 8. Qc2 Ng6 9. Bxd6 Qxd6 10. 0-0 a6 11. Nd2 Bd7 12. Ng3 Nce7 13. Rfe1 c5 14. Nf3 c4 15. Bxg6 Nxg6 16. Ne5 Rfe8 17. Nf5 Bxf5 18. Qxf5 Nxe5 19. Rxe5 Rxe5 20. dxe5 Qe6 21. Qxe6 fxe6 22. f4 b5 23. Rd1 a5 24. a3 Rb8 25. f5 Kf7 26. g4 b4 27. axb4 axb4 28. Ra1 exf5 29. gxf5 bxc3 30. bxc3 Kf8 31. Kf2 g6 32. f6 Re8 33. Re1 Kf7 34. Kf3 g5 35. Kg4 Kg6 36. h3 h5+ 37. Kf3 Kf7 38. Kg3 Ke6 39. h4 g4 40. Kf4 Rg8 41. Ra1 g3 42. Ra6+ Kf7 43. Kf5 Re8 44. e6+ Kf8 45. Ra7 Rc8 46. Rf7+ Kg8 47. Rg7+ Kf8 48. e7+ Ke8 49. Rg8+ 1-0

[Event "VEN-ch U14"]
[Site "Caracas"]
[Date "2016.10.31"]
[Round "7.4"]
[White "Ramirez Luis, Jose Gregorio"]
[Black "Rodil Fermin, Leonardo Enrique"]
[Result "1-0"]
[WhiteElo "1693"]
[BlackElo "1686"]
[PlyCount "67"]
[EventDate "2016.10.27"]
[EventType "swiss"]
[EventRounds "7"]
[EventCountry "VEN"]
[SourceTitle "EXT 2022"]
[Source "ChessBase"]
[SourceDate "2021.10.06"]
[SourceVersion "1"]
[SourceVersionDate "2021.10.06"]
[SourceQuality "1"]

1. e4 c6 2. d4 d5 3. exd5 cxd5 4. Bd3 Nc6 5. c3 Nf6 6. Nf3 Bg4 7. Nbd2 e6 8. 0-0 Bd6 9. Re1 0-0 10. Qb3 Bxf3 11. Nxf3 Qc7 12. Bg5 Nh5 13. Qd1 Be7 14. Bxe7 Qxe7 15. Bc2 Nf6 16. Ne5 Na5 17. Qd3 Rac8 18. Ng4 g6 19. Qf3 Nxg4 20. Qxg4 Qf6 21. Re3 Nc4 22. Rf3 Qg7 23. h4 Qh6 24. Rg3 b6 25. h5 f5 26. Qe2 Kf7 27. hxg6+ hxg6 28. Re1 Rfe8 29. Ba4 Re7 30. b3 Nd6 31. Bd7 Rd8 32. Bxe6+ Kf8 33. Qe5 Qg7 34. Rxg6 1-0

[Event "VEN-ch U14"]
[Site "Caracas"]
[Date "2016.10.28"]
[Round "1.2"]
[White "Benavides Montenegro, Maicol Alexander"]
[Black "Ramirez Luis, Jose Gregorio"]
[Result "1-0"]
[WhiteElo "1848"]
[BlackElo "1693"]
[PlyCount "69"]
[EventDate "2016.10.27"]
[EventType "swiss"]
[EventRounds "7"]
[EventCountry "VEN"]
[SourceTitle "EXT 2022"]
[Source "ChessBase"]
[SourceDate "2021.10.06"]
[SourceVersion "1"]
[SourceVersionDate "2021.10.06"]
[SourceQuality "1"]

1. e4 e5 2. Nf3 Nc6 3. Bc4 Bc5 4. c3 Nf6 5. d4 exd4 6. cxd4 Bb4+ 7. Nc3 Nxe4 8. 0-0 Bxc3 9. d5 Ne5 10. bxc3 Nxc4 11. Qd4 0-0 12. Qxe4 Nd6 13. Qd3 h6 14. Bf4 Qf6 15. Be5 Qd8 16. Bxd6 cxd6 17. Nd4 Qf6 18. Qf5 Qxf5 19. Nxf5 b6 20. Nxd6 f5 21. Rfe1 Ba6 22. f4 Rad8 23. Re5 Kh7 24. Rae1 Rf6 25. Ne8 Rf8 26. Re7 Bc4 27. Nxg7 Kh8 28. d6 Bxa2 29. Ra1 Bd5 30. Rxa7 Rg8 31. Raxd7 Rxd7 32. Rxd7 Bc6 33. Rc7 Rxg7 34. Rxc6 Rd7 35. Rc8+ 1-0

[Event "VEN-ch U14 3rd"]
[Site "San Antonio"]
[Date "2016.04.02"]
[Round "4.7"]
[White "Pastran Gonzalez, Angel Enrique"]
[Black "Ramirez Luis, Jose Gregorio"]
[Result "0-1"]
[WhiteElo "1605"]
[BlackElo "1589"]
[PlyCount "54"]
[EventDate "2016.04.01"]
[EventType "swiss"]
[EventRounds "7"]
[EventCountry "VEN"]
[SourceTitle "EXT 2022"]
[Source "ChessBase"]
[SourceDate "2021.10.06"]
[SourceVersion "1"]
[SourceVersionDate "2021.10.06"]
[SourceQuality "1"]

1. d4 d5 2. c4 c6 3. Nc3 Nf6 4. Bg5 Nbd7 5. e3 e6 6. Nf3 Qa5 7. Qc2 Bb4 8. Bd3 dxc4 9. Bxc4 Ne4 10. Qxe4 Bxc3+ 11. Kf1 Nb6 12. Bb3 Bxb2 13. Rd1 Nd5 14. Bxd5 Qxd5 15. Qb1 Ba3 16. Kg1 f6 17. Bf4 b6 18. e4 Qd7 19. Qb3 Be7 20. h3 Bb7 21. Kh2 g5 22. Be3 h5 23. e5 g4 24. Nh4 Rg8 25. Nf5 gxh3 26. gxh3 c5 27. Nxe7 Rg2# 0-1

[Event "VEN-ch U14 3rd"]
[Site "San Antonio"]
[Date "2016.04.02"]
[Round "3.3"]
[White "Ramirez Luis, Jose Gregorio"]
[Black "Ledezma Villamizar, Gabriel Enrique"]
[Result "0-1"]
[WhiteElo "1589"]
[BlackElo "1921"]
[PlyCount "46"]
[EventDate "2016.04.01"]
[EventType "swiss"]
[EventRounds "7"]
[EventCountry "VEN"]
[SourceTitle "EXT 2022"]
[Source "ChessBase"]
[SourceDate "2021.10.06"]
[SourceVersion "1"]
[SourceVersionDate "2021.10.06"]
[SourceQuality "1"]

1. e4 e6 2. d4 d5 3. Nd2 Nf6 4. e5 Nfd7 5. Bd3 c5 6. c3 Nc6 7. Ngf3 cxd4 8. cxd4 Be7 9. a3 f6 10. Nh4 0-0 11. Qh5 f5 12. Ndf3 Qb6 13. g4 Nxd4 14. Rg1 Nc5 15. Bb1 Nxf3+ 16. Nxf3 Ne4 17. Rg2 Bc5 18. gxf5 exf5 19. Bxe4 fxe4 20. b4 exf3 21. Rxg7+ Kxg7 22. bxc5 Qg6 23. Qh4 Qe4+ 0-1

[Event "VEN-ch U14 3rd"]
[Site "San Antonio"]
[Date "2016.04.01"]
[Round "2.2"]
[White "Molina Quevedo, Endry Alexander"]
[Black "Ramirez Luis, Jose Gregorio"]
[Result "1-0"]
[WhiteElo "1838"]
[BlackElo "1589"]
[PlyCount "27"]
[EventDate "2016.04.01"]
[EventType "swiss"]
[EventRounds "7"]
[EventCountry "VEN"]
[SourceTitle "EXT 2022"]
[Source "ChessBase"]
[SourceDate "2021.10.06"]
[SourceVersion "1"]
[SourceVersionDate "2021.10.06"]
[SourceQuality "1"]

1. c4 e5 2. g3 Nf6 3. Bg2 Bc5 4. Nc3 Nc6 5. e3 d6 6. Nge2 Be6 7. d4 exd4 8. exd4 Bxc4 9. dxc5 dxc5 10. Qa4 Bxe2 11. Bxc6+ bxc6 12. Qxc6+ Nd7 13. Qe4+ Qe7 14. Qxa8+ 1-0